000 00408nam a22001697a 4500
005 20180518115655.0
008 170330b xxu||||| |||| 00| 0 eng d
020 _a978-81-219-0893-1
041 _aeng
082 _a515.35
100 _aRAISINGHANIA, DR. M .D
_94295
245 _aADVANCED DIFFRENTIAL EQUATIONS
260 _bS CHAND
_c1988
300 _aA-67
650 _aENGINEERING
_94296
942 _cBK
999 _c5344
_d5342